Policy for the support of creative economy
Vývojové tendencie podpornej politiky - teoretické a praktické prístupy. Charakteristika kreatívnej ekonomiky. Regulačné podmienky vývoja kreatívnej ekonomiky vo vybraných krajinách - Veľká Británia, Fínsko. Nástroje tvorby podnikateľského prostredia v kreatívnej ekonomike. Špeciálne podmienky pre p...
Guardado en:
| Autor principal: | |
|---|---|
| Otros Autores: | |
| Formato: | Capítulo de libro |
| Lenguaje: | inglés |
| Materias: | |
| Etiquetas: |
Sin Etiquetas, Sea el primero en etiquetar este registro!
|
MARC
| LEADER | 00000naa$a2200000$$$4500 | ||
|---|---|---|---|
| 001 | 0160656 | ||
| 005 | 20240502072803.9 | ||
| 041 | 0 | |a eng | |
| 044 | |a SK | ||
| 245 | 1 | 0 | |a Policy for the support of creative economy |c Jozef Tvrdoň, Eva Belvončíková |
| 520 | |a Vývojové tendencie podpornej politiky - teoretické a praktické prístupy. Charakteristika kreatívnej ekonomiky. Regulačné podmienky vývoja kreatívnej ekonomiky vo vybraných krajinách - Veľká Británia, Fínsko. Nástroje tvorby podnikateľského prostredia v kreatívnej ekonomike. Špeciálne podmienky pre podporu kreatívnej ekonomiky. | ||
| 610 | 2 | 0 | |a ekonomika kreatívna |
| 610 | 2 | 0 | |a prostredie podnikateľské |
| 610 | 2 | 0 | |a Veľká Británia |
| 610 | 2 | 0 | |a Fínsko |
| 610 | 2 | 0 | |a Slovensko |
| 100 | 1 | |a Tvrdoň, Jozef | |
| 700 | 1 | |a Belvončíková, Eva, 1975- | |